Výrobní družstva nepotřebují transformaci.
Odsúdenie prebiehajúcej prípravy likvidácie družstiev. Argumenty proti likvidácii. Výrobné družstvá nevznikli ako produkt socializmu, majú predpoklady plniť úlohu prospešného tretieho stavu, pracovná morálka bola nad celospoločenským priemerom, nezabezpečený odbyt nejestvoval, majetok družstva je vy...
Salvato in:
| Autore principale: | |
|---|---|
| Natura: | Capitolo di libro |
| Lingua: | ceco |
| Soggetti: | |
| Tags: |
Nessun Tag, puoi essere il primo ad aggiungerne!!
|
MARC
| LEADER | 00000naa a2200000 4500 | ||
|---|---|---|---|
| 001 | r006456 | ||
| 005 | 20221125075711.8 | ||
| 041 | 0 | |a cze | |
| 044 | |a [CS] | ||
| 245 | 1 | 0 | |a Výrobní družstva nepotřebují transformaci. |c S. Husník |
| 520 | |a Odsúdenie prebiehajúcej prípravy likvidácie družstiev. Argumenty proti likvidácii. Výrobné družstvá nevznikli ako produkt socializmu, majú predpoklady plniť úlohu prospešného tretieho stavu, pracovná morálka bola nad celospoločenským priemerom, nezabezpečený odbyt nejestvoval, majetok družstva je vytvorený prevažne z výsledkov práce poslednej generácie družstevníkov, odovzdávali vysoké dôchodkové dane atď. | ||
| 610 | 2 | 0 | |a družstvá výrobné |
| 610 | 2 | 0 | |a ČSFR |
| 100 | 1 | |a Husník, S. | |